00790cam a22002413a 45000010005000000030006000050050017000110080041000280400015000690420007000840500007000911000038000982450087001362600029002235060030002525160020002826530046003026530051003486530027003996530053004268300028004798560041005072988PGUSA20140828083024.0041004s2004||||xxu|||||s|||||000 | eng d aPGUSAbeng adc 4aPS1 aPaine, Albert Bigelow,d1861-193710aMark Twain :bA Biography. Completeh[electronic resource] /cAlbert Bigelow Paine bProject Gutenberg,c2004 aPublic domain in the USA. aElectronic text aJournalists -- United States -- Biography aAuthors, American -- 19th century -- Biography aTwain, Mark, 1835-1910 aHumorists, American -- 19th century -- Biography 0aProject Gutenbergv298840uhttp://www.gutenberg.org/ebooks/2988